[Event "BUL-ch (Women) 69th"]
[Site "Sofia"]
[Date "2020.03.09"]
[Round "9"]
[White "Grabcheva, Natalia"]
[Black "Krasteva, Beloslava"]
[Result "0-1"]
[WhiteElo "1778"]
[BlackElo "2229"]
[PlyCount "56"]
[EventDate "2020.03.02"]
[EventType "swiss"]
[EventRounds "9"]
[EventCountry "BUL"]
[SourceTitle "CBM 195 Extra"]
[Source "ChessBase"]
[SourceDate "2020.05.31"]
[SourceVersion "1"]
[SourceVersionDate "2020.05.31"]
[SourceQuality "1"]

1. d4 d5 2. Nf3 Nf6 3. c3 c5 4. Bf4 Nc6 5. dxc5 e6 6. b4 a5 7. Qb3 axb4 8. cxb4 b6 9. e3 bxc5 10. Bb5 Bd7 11. Bxc6 Bxc6 12. b5 c4 13. Qb2 Qa5+ 14. Nc3 Ba3 15. Qc2 Bxb5 16. 0-0 0-0 17. Be5 Ba4 18. Qd2 Nd7 19. Rfe1 f6 20. Bg3 Rfd8 21. Nd4 Nc5 22. Reb1 e5 23. Ndb5 Bb4 24. Rxb4 Qxb4 25. Nc7 d4 26. Nxa8 Qxc3 27. Qxc3 dxc3 28. Nb6 c2 0-1

[Event "BUL-ch (Women) 69th"]
[Site "Sofia"]
[Date "2020.03.02"]
[Round "1"]
[White "Peycheva, Gergana"]
[Black "Grabcheva, Natalia"]
[Result "1-0"]
[WhiteElo "2296"]
[BlackElo "1778"]
[PlyCount "89"]
[EventDate "2020.03.02"]
[EventType "swiss"]
[EventRounds "9"]
[EventCountry "BUL"]
[SourceTitle "CBM 195 Extra"]
[Source "ChessBase"]
[SourceDate "2020.05.31"]
[SourceVersion "1"]
[SourceVersionDate "2020.05.31"]
[SourceQuality "1"]

1. d4 c5 2. d5 e6 3. c4 Nf6 4. Nc3 exd5 5. cxd5 d6 6. e4 Be7 7. f4 0-0 8. Nf3 Bg4 9. Be2 Nbd7 10. 0-0 Rb8 11. a4 Bxf3 12. Bxf3 Ne8 13. Re1 Bf6 14. Be3 Qa5 15. Qc2 Nc7 16. Bf2 Na6 17. Nb5 Nb4 18. Qd2 Qb6 19. Bg4 Rbd8 20. Bxd7 Rxd7 21. Qxb4 cxb4 22. Bxb6 axb6 23. e5 dxe5 24. fxe5 Be7 25. d6 Bd8 26. Re4 Re8 27. Rae1 Re6 28. Rxb4 f6 29. Rbe4 fxe5 30. Rxe5 Rxe5 31. Rxe5 Bf6 32. Re2 Kf7 33. Kf2 Rd8 34. b3 Re8 35. Rc2 Bd8 36. Kf3 Kf6 37. Rc4 Ke6 38. Re4+ Kd7 39. Rxe8 Kxe8 40. Ke4 Kd7 41. Kd5 Bg5 42. Na3 Be3 43. Nc4 Bg1 44. Ne5+ Ke8 45. Ke6 1-0

[Event "Primorsko op-A"]
[Site "Primorsko"]
[Date "2019.09.20"]
[Round "6"]
[White "Enchev, Ivajlo"]
[Black "Grabcheva, Natalia"]
[Result "1-0"]
[WhiteElo "2494"]
[BlackElo "1818"]
[PlyCount "31"]
[EventDate "2019.09.15"]
[EventType "swiss"]
[EventRounds "9"]
[EventCountry "BUL"]
[SourceTitle "EXT 2020"]
[Source "ChessBase"]
[SourceDate "2019.10.17"]
[SourceVersion "1"]
[SourceVersionDate "2019.10.17"]
[SourceQuality "1"]

1. c4 e6 2. Nc3 d5 3. d4 Nf6 4. Bg5 Be7 5. Nf3 0-0 6. e3 Nbd7 7. Rc1 c6 8. Qc2 b6 9. cxd5 exd5 10. Bd3 Bb7 11. 0-0 Rc8 12. Ne5 h6 13. Bxf6 Bxf6 14. Bh7+ Kh8 15. Nxd7 Qxd7 16. Bf5 1-0

[Event "Primorsko op-A"]
[Site "Primorsko"]
[Date "2019.09.18"]
[Round "4"]
[White "Dragiev, Drago"]
[Black "Grabcheva, Natalia"]
[Result "0-1"]
[WhiteElo "1861"]
[BlackElo "1818"]
[PlyCount "94"]
[EventDate "2019.09.15"]
[EventType "swiss"]
[EventRounds "9"]
[EventCountry "BUL"]
[SourceTitle "EXT 2020"]
[Source "ChessBase"]
[SourceDate "2019.10.17"]
[SourceVersion "1"]
[SourceVersionDate "2019.10.17"]
[SourceQuality "1"]

1. e4 e6 2. d4 d5 3. Nc3 Bb4 4. e5 c5 5. a3 Bxc3+ 6. bxc3 Qc7 7. Bb5+ Bd7 8. Bxd7+ Nxd7 9. Nf3 Rc8 10. Be3 Ne7 11. 0-0 Nf5 12. g4 Nxe3 13. fxe3 cxd4 14. Qxd4 Qxc3 15. Qf4 0-0 16. Nd4 Qc7 17. Nf3 Qxc2 18. Ng5 Qg6 19. Rac1 Nc5 20. Rcd1 Nb3 21. Nf3 Rc3 22. Kh1 Qe4 23. Qxe4 dxe4 24. Ng5 h6 25. Nxf7 Rxe3 26. Rd8 Rf3 27. Rxf3 exf3 28. Rxf8+ Kxf8 29. Nd6 Nc5 30. Kg1 Nd3 31. Nxb7 Nxe5 32. h3 Nd3 33. Nd6 e5 34. Kh2 Ke7 35. Ne4 Ke6 36. Kg3 f2 37. Nd2 e4 38. Nf1 Ke5 39. Kg2 Kd4 40. Ng3 g6 41. h4 Ke3 42. h5 gxh5 43. gxh5 Nf4+ 44. Kf1 Kf3 45. Nxe4 Kxe4 46. Kxf2 Nxh5 47. a4 a5 0-1

[Event "Paracin Summer op-B 12th"]
[Site "Paracin"]
[Date "2019.07.11"]
[Round "8"]
[White "Vujcic, Milena"]
[Black "Grabcheva, Natalia"]
[Result "1/2-1/2"]
[WhiteElo "1989"]
[BlackElo "1751"]
[PlyCount "68"]
[EventDate "2019.07.05"]
[EventType "swiss"]
[EventRounds "9"]
[EventCountry "SRB"]
[SourceTitle "EXT 2020"]
[Source "ChessBase"]
[SourceDate "2019.10.17"]
[SourceVersion "1"]
[SourceVersionDate "2019.10.17"]
[SourceQuality "1"]

1. e4 e6 2. d4 d5 3. e5 b6 4. Bd3 Ba6 5. c3 Bxd3 6. Qxd3 Qd7 7. Ne2 c5 8. 0-0 Nc6 9. Be3 f5 10. f4 Rc8 11. a3 Nge7 12. Nd2 Ng6 13. Nf3 Be7 14. h3 h5 15. h4 c4 16. Qc2 Nxh4 17. Nh2 Qd8 18. Qd2 Kd7 19. a4 Qc7 20. Kf2 Rcg8 21. g3 Ng6 22. Ke1 Nf8 23. Kd1 Qd8 24. Nf3 Nh7 25. Kc2 g5 26. fxg5 Nxg5 27. Bxg5 Bxg5 28. Nxg5 Qxg5 29. Rg1 Qxd2+ 30. Kxd2 Rg5 31. Ke3 Ne7 32. Kf3 Rhg8 33. Rg2 Ng6 34. Rag1 a6 1/2-1/2

[Event "Styrian op U14/16 24th"]
[Site "Mureck"]
[Date "2017.08.10"]
[Round "9"]
[White "Meier, Lukas"]
[Black "Grabcheva, Natalia"]
[Result "1-0"]
[WhiteElo "1947"]
[BlackElo "1599"]
[PlyCount "93"]
[EventDate "2017.08.02"]
[EventType "swiss"]
[EventRounds "9"]
[EventCountry "AUT"]
[SourceTitle "EXT 2019"]
[Source "ChessBase"]
[SourceDate "2018.10.10"]
[SourceVersion "1"]
[SourceVersionDate "2018.10.10"]
[SourceQuality "1"]

1. e4 e6 2. d4 b6 3. Nf3 Bb7 4. Bd3 d5 5. e5 c5 6. c3 c4 7. Bc2 Ne7 8. Nbd2 Ng6 9. Nf1 Nh4 10. Nxh4 Qxh4 11. Ng3 g6 12. Be3 a6 13. Qd2 Qd8 14. Bg5 Be7 15. h4 h5 16. Ne2 Nc6 17. f3 b5 18. Kf2 Bxg5 19. hxg5 Kd7 20. Rh4 Qf8 21. Rah1 Qg7 22. Nf4 a5 23. a3 a4 24. R1h2 Ne7 25. Ne2 Bc6 26. R4h3 Kc7 27. Qc1 Rad8 28. Qh1 Rhg8 29. g4 hxg4 30. fxg4 Kd7 31. Ke3 Bb7 32. Rh7 Qf8 33. Nf4 Rg7 34. R7h3 Nc6 35. Rf3 Qe7 36. Rh7 Rxh7 37. Qxh7 Nxe5 38. dxe5 d4+ 39. cxd4 Bxf3 40. Kxf3 Rf8 41. Qg7 Ke8 42. Qf6 Qc7 43. d5 exd5 44. Nxd5 Qc5 45. Be4 Kd7 46. Nb4 Kc7 47. Na6+ 1-0

[Event "Styrian op U14/16 24th"]
[Site "Mureck"]
[Date "2017.08.05"]
[Round "4"]
[White "Hanc, Nejc"]
[Black "Grabcheva, Natalia"]
[Result "0-1"]
[WhiteElo "1426"]
[BlackElo "1599"]
[PlyCount "72"]
[EventDate "2017.08.02"]
[EventType "swiss"]
[EventRounds "9"]
[EventCountry "AUT"]
[SourceTitle "EXT 2019"]
[Source "ChessBase"]
[SourceDate "2018.10.10"]
[SourceVersion "1"]
[SourceVersionDate "2018.10.10"]
[SourceQuality "1"]

1. c4 Nf6 2. Nc3 e6 3. g3 d5 4. cxd5 Nxd5 5. Bg2 Be7 6. a3 b6 7. d4 Bb7 8. e4 Nxc3 9. bxc3 c5 10. Bb2 cxd4 11. cxd4 Bf6 12. Ne2 Nd7 13. 0-0 0-0 14. Rb1 Re8 15. f4 Rc8 16. Rc1 Ba6 17. Re1 Nc5 18. dxc5 Bxb2 19. Qxd8 Rexd8 20. Rc2 Bxa3 21. c6 Bc5+ 22. Kh1 Bxe2 23. Rcxe2 Rxc6 24. Ra2 a5 25. Rc1 Rcd6 26. Bf3 g6 27. g4 Be3 28. Rb1 Bxf4 29. Rb5 Be3 30. Ra3 Rd3 31. Ra2 Bc5 32. Bg2 Rd1+ 33. Bf1 Rxf1+ 34. Kg2 Rg1+ 35. Kf3 Rd3+ 36. Ke2 Re3+ 0-1

[Event "Styrian op U14/16 24th"]
[Site "Mureck"]
[Date "2017.08.04"]
[Round "3"]
[White "Grabcheva, Natalia"]
[Black "Karner, Stefan"]
[Result "0-1"]
[WhiteElo "1599"]
[BlackElo "1312"]
[PlyCount "54"]
[EventDate "2017.08.02"]
[EventType "swiss"]
[EventRounds "9"]
[EventCountry "AUT"]
[SourceTitle "EXT 2019"]
[Source "ChessBase"]
[SourceDate "2018.10.10"]
[SourceVersion "1"]
[SourceVersionDate "2018.10.10"]
[SourceQuality "1"]

1. Nf3 Nf6 2. d4 d5 3. e3 e6 4. b3 c5 5. Bb2 Nc6 6. Be2 Be7 7. c4 0-0 8. 0-0 cxd4 9. Nxd4 Nxd4 10. Bxd4 dxc4 11. Bxc4 b6 12. Nd2 Bb7 13. Nf3 Rc8 14. Qe2 Qd6 15. Rfd1 Ng4 16. h3 Bxf3 17. Qxf3 Qh2+ 18. Kf1 Nf6 19. g4 e5 20. Bb2 b5 21. Bxb5 Rc2 22. Rab1 Ne4 23. Be2 Nd2+ 24. Rxd2 Rxd2 25. Qe4 f5 26. Qb7 fxg4 27. Bc4+ Kh8 0-1

[Event "Sofia MGU op 187th"]
[Site "Sofia"]
[Date "2017.07.08"]
[Round "3"]
[White "Grabcheva, Natalia"]
[Black "Dyakov, Martin"]
[Result "1-0"]
[WhiteElo "1599"]
[BlackElo "2049"]
[PlyCount "51"]
[EventDate "2017.07.08"]
[EventType "swiss"]
[EventRounds "6"]
[EventCountry "BUL"]
[SourceTitle "CBM 179 Extra"]
[Source "ChessBase"]
[SourceDate "2017.08.23"]
[SourceVersion "1"]
[SourceVersionDate "2017.08.23"]
[SourceQuality "1"]

1. Nf3 Nf6 2. d4 g6 3. c4 Bg7 4. e3 0-0 5. b3 c5 6. Bb2 cxd4 7. Nxd4 Nc6 8. Nd2 d6 9. Be2 Bd7 10. Nxc6 Bxc6 11. Bf3 a5 12. a3 Qd7 13. 0-0 Rab8 14. a4 Rfd8 15. Qc2 Rbc8 16. Bc3 b6 17. Rad1 Qb7 18. Bxc6 Qxc6 19. Bxf6 Bxf6 20. Qe4 Qc5 21. Qf3 Bg7 22. Ne4 Qc6 23. Rd5 e6 24. Rd3 Rd7 25. Rfd1 Rcd8 26. Nf6+ 1-0

[Event "EU Union-ch U14 14th"]
[Site "Mureck"]
[Date "2016.08.10"]
[Round "8"]
[White "Fowler, Hugo"]
[Black "Grabcheva, Natalia"]
[Result "1-0"]
[WhiteElo "1651"]
[BlackElo "1686"]
[PlyCount "137"]
[EventDate "2016.08.03"]
[EventType "swiss"]
[EventRounds "9"]
[EventCountry "AUT"]
[SourceTitle "CBM 174 Extra"]
[Source "ChessBase"]
[SourceDate "2016.10.10"]
[SourceVersion "1"]
[SourceVersionDate "2016.10.10"]
[SourceQuality "1"]

1. e4 e6 2. d4 b6 3. Nf3 Bb7 4. Bd3 c5 5. c3 h6 6. 0-0 Nf6 7. Qe2 Be7 8. Re1 0-0 9. Nbd2 cxd4 10. cxd4 Bb4 11. a3 Bxd2 12. Bxd2 d5 13. e5 Ne4 14. Bb4 Re8 15. Nd2 Nc6 16. Bc3 Nxd2 17. Qxd2 Qc8 18. Qe2 a5 19. Qg4 Ba6 20. Bc2 Kh8 21. Re3 b5 22. Rg3 Rg8 23. Rh3 Ne7 24. Qf4 Rd8 25. Rxh6+ Kg8 26. Rh3 Qc4 27. Bh7+ Kf8 28. Bd3 Qa4 29. Rf3 Ke8 30. Qxf7+ Kd7 31. Qxg7 b4 32. Bxa6 bxc3 33. Rxc3 Rxa6 34. Rac1 Ra7 35. Rc6 Qxc6 36. Rxc6 Kxc6 37. Qf6 Kd7 38. h4 Raa8 39. Qg5 Rg8 40. Qh5 Rab8 41. Qe2 Nc6 42. b4 axb4 43. axb4 Rxb4 44. h5 Nxd4 45. Qe3 Nc6 46. f3 d4 47. Qd2 Rbb8 48. h6 Rb1+ 49. Kh2 Rbb8 50. g4 Rg6 51. g5 Ke7 52. Kg3 Nxe5 53. f4 Rb3+ 54. Kg2 Nc4 55. Qxd4 Rb2+ 56. Qxb2 Nxb2 57. h7 Kf7 58. h8Q Nc4 59. Qh7+ Rg7 60. Qe4 Nd6 61. Qe5 Nf5 62. Kf3 Rh7 63. Qf6+ Kg8 64. Qxe6+ Rf7 65. Kg4 Ng7 66. Qd5 Kf8 67. g6 Re7 68. f5 Re1 69. Qf7# 1-0

[Event "EU Union-ch U14 14th"]
[Site "Mureck"]
[Date "2016.08.07"]
[Round "5"]
[White "Bitkova, Jelizaveta"]
[Black "Grabcheva, Natalia"]
[Result "0-1"]
[WhiteElo "1433"]
[BlackElo "1686"]
[PlyCount "74"]
[EventDate "2016.08.03"]
[EventType "swiss"]
[EventRounds "9"]
[EventCountry "AUT"]
[SourceTitle "CBM 174 Extra"]
[Source "ChessBase"]
[SourceDate "2016.10.10"]
[SourceVersion "1"]
[SourceVersionDate "2016.10.10"]
[SourceQuality "1"]

1. d4 Nf6 2. c4 e6 3. g3 d5 4. Bg2 b6 5. Nf3 Bb7 6. 0-0 c5 7. cxd5 Nxd5 8. Nc3 Nd7 9. Re1 cxd4 10. Nxd4 Bb4 11. Bxd5 Bxd5 12. Nc2 Bxc3 13. bxc3 0-0 14. Nb4 Bb7 15. Bb2 Qc7 16. Qd2 Ne5 17. Qf4 Qc5 18. Qd4 Rfd8 19. Qxc5 bxc5 20. f4 Nc4 21. Nd3 Ne3 22. Rac1 c4 23. Nc5 Bc6 24. Kf2 Ng4+ 25. Kg1 Rd2 26. Rb1 Rad8 27. Ba1 h6 28. a3 Ne3 29. Rbc1 Ra2 30. Kf2 Ng4+ 31. Kg1 Rdd2 32. Rcd1 Rxe2 33. Rxe2 Rxe2 34. Kf1 Bf3 35. Ne4 Ne3+ 36. Kg1 Rg2+ 37. Kh1 Rxg3# 0-1

[Event "EU Union-ch U14 14th"]
[Site "Mureck"]
[Date "2016.08.04"]
[Round "2"]
[White "Grabcheva, Natalia"]
[Black "Petrov, Anton"]
[Result "0-1"]
[WhiteElo "1686"]
[BlackElo "1836"]
[PlyCount "142"]
[EventDate "2016.08.03"]
[EventType "swiss"]
[EventRounds "9"]
[EventCountry "AUT"]
[SourceTitle "CBM 174 Extra"]
[Source "ChessBase"]
[SourceDate "2016.10.10"]
[SourceVersion "1"]
[SourceVersionDate "2016.10.10"]
[SourceQuality "1"]

1. Nf3 Nf6 2. g3 d5 3. d4 e6 4. Bg2 c5 5. e3 Nc6 6. 0-0 Bd6 7. b3 0-0 8. Bb2 b5 9. dxc5 Bxc5 10. Ne5 Nxe5 11. Bxe5 Bd6 12. Bxd6 Qxd6 13. c4 bxc4 14. bxc4 Ba6 15. Re1 Bxc4 16. e4 Qa6 17. e5 Nd7 18. Nd2 Bd3 19. Nf3 Bg6 20. h4 Rfc8 21. Bf1 Qb6 22. Bd3 Bxd3 23. Qxd3 Nc5 24. Qe3 Ne4 25. Qxb6 axb6 26. Rec1 Rc5 27. Nd4 h6 28. Nb3 Rxc1+ 29. Nxc1 Nc3 30. a3 Ra4 31. Nd3 Nb5 32. Rb1 Rxa3 33. Rxb5 Rxd3 34. Rxb6 Kh7 35. Kf1 Kg6 36. Ke2 Ra3 37. Rb7 Ra4 38. f4 h5 39. Rd7 Ra3 40. Kf2 f6 41. Re7 Ra6 42. Ke3 Kh6 43. Re8 fxe5 44. fxe5 Kg6 45. Re7 Ra4 46. Rxe6+ Kf5 47. Re7 Re4+ 48. Kf3 g6 49. Rf7+ Kxe5 50. Rg7 Rg4 51. Re7+ Kd4 52. Ra7 Kc3 53. Ra3+ Kb4 54. Rd3 Kc4 55. Ra3 d4 56. Ke2 Re4+ 57. Kd2 Re6 58. Ra4+ Kd5 59. Ra3 Ke4 60. Ra1 Rb6 61. Re1+ Kd5 62. Rg1 Rb2+ 63. Kd3 Rb3+ 64. Kd2 Ke4 65. g4 Rb2+ 66. Kc1 Rh2 67. gxh5 gxh5 68. Re1+ Kd3 69. Rd1+ Kc3 70. Rf1 d3 71. Kd1 Ra2 0-1

[Event "EU Union-ch U14 13th"]
[Site "Mureck"]
[Date "2015.08.13"]
[Round "9"]
[White "Grabcheva, Natalia"]
[Black "Brilej, Jaka"]
[Result "0-1"]
[WhiteElo "1668"]
[BlackElo "1779"]
[PlyCount "162"]
[EventDate "2015.08.05"]
[EventType "swiss"]
[EventRounds "9"]
[EventCountry "AUT"]
[SourceTitle "EXT 2016"]
[Source "ChessBase"]
[SourceDate "2015.10.08"]
[SourceVersion "1"]
[SourceVersionDate "2015.10.08"]
[SourceQuality "1"]

1. Nf3 d5 2. d4 Nf6 3. e3 e6 4. b3 c5 5. Bb2 Nc6 6. g3 Be7 7. Bg2 0-0 8. 0-0 b6 9. Nbd2 Bb7 10. a3 Rc8 11. Rc1 Re8 12. c4 cxd4 13. Nxd4 Nxd4 14. Bxd4 Ba6 15. Re1 Qd7 16. cxd5 Nxd5 17. b4 Bb5 18. Ne4 Bf8 19. Qh5 Rxc1 20. Rxc1 Rc8 21. Rd1 Ba4 22. Re1 Qe7 23. g4 Be8 24. Qh3 e5 25. g5 Bd7 26. Qg3 exd4 27. exd4 Be6 28. g6 h6 29. Nd2 Qd6 30. gxf7+ Bxf7 31. Qh3 Re8 32. Rxe8 Bxe8 33. Nc4 Nf4 34. Qe3 Qe6 35. Qxf4 Qxc4 36. Qe5 Qc1+ 37. Bf1 Qg5+ 38. Qxg5 hxg5 39. Bc4+ Bf7 40. d5 Bd6 41. h3 Bh5 42. Kg2 Kf7 43. f3 Kf6 44. Kf2 Ke5 45. Ke3 Bf7 46. Bd3 Bxd5 47. Be2 Be6 48. Bf1 a5 49. bxa5 bxa5 50. a4 Bd7 51. Kf2 Kf4 52. Kg2 Bxa4 53. Bc4 Bc6 54. Kf2 Bxf3 55. Be6 a4 56. Ba2 a3 57. Bf7 Bd1 58. Ba2 Bc2 59. Kg2 Be7 60. Kf2 Bf6 61. Kg2 Ke3 62. Kf1 Kd2 63. Kf2 Kc3 64. Kg3 Kb2 65. Bc4 a2 66. Bxa2 Kxa2 67. Kg4 Bg6 68. Kg3 Kb3 69. Kg4 Kc4 70. Kg3 Kd3 71. Kg4 Ke4 72. Kg3 Bh5 73. Kg2 g4 74. hxg4 Bxg4 75. Kg3 Bc8 76. Kg2 g5 77. Kg3 g4 78. Kg2 Kf4 79. Kh2 g3+ 80. Kg1 Bd4+ 81. Kg2 Bb7+ 0-1

[Event "EU Union-ch U14 13th"]
[Site "Mureck"]
[Date "2015.08.10"]
[Round "6"]
[White "Grabcheva, Natalia"]
[Black "Trojkova, Michaela"]
[Result "1-0"]
[WhiteElo "1668"]
[BlackElo "1580"]
[PlyCount "81"]
[EventDate "2015.08.05"]
[EventType "swiss"]
[EventRounds "9"]
[EventCountry "AUT"]
[SourceTitle "EXT 2016"]
[Source "ChessBase"]
[SourceDate "2015.10.08"]
[SourceVersion "1"]
[SourceVersionDate "2015.10.08"]
[SourceQuality "1"]

1. Nf3 d5 2. d4 Nf6 3. g3 Bf5 4. Bg2 e6 5. 0-0 Be7 6. b3 0-0 7. Bb2 c5 8. Nbd2 Nc6 9. a3 Ne4 10. dxc5 Bxc5 11. e3 Rc8 12. Nh4 Nxd2 13. Qxd2 Be4 14. Bxe4 dxe4 15. Qc3 Qf6 16. Qxf6 gxf6 17. Bxf6 Be7 18. Bxe7 Nxe7 19. c4 Rcd8 20. Rfd1 Rd3 21. Rxd3 exd3 22. Rd1 Rd8 23. Nf3 Nc6 24. b4 a6 25. Kf1 Kg7 26. Ke1 Kf6 27. Kd2 e5 28. e4 Nd4 29. Nxd4 Rxd4 30. Kc3 Rxe4 31. Rxd3 Re2 32. Rd2 Rxd2 33. Kxd2 e4 34. Ke3 Ke5 35. g4 f6 36. a4 h6 37. h3 b6 38. b5 axb5 39. axb5 f5 40. gxf5 Kxf5 41. c5 1-0

[Event "Sofia MGU op 146th"]
[Site "Sofia"]
[Date "2015.06.28"]
[Round "6"]
[White "Patev, Petko"]
[Black "Grabcheva, Natalia"]
[Result "0-1"]
[WhiteElo "1897"]
[BlackElo "1622"]
[PlyCount "46"]
[EventDate "2015.06.27"]
[EventType "swiss"]
[EventRounds "6"]
[EventCountry "BUL"]
[SourceTitle "CBM 167 Extra"]
[Source "ChessBase"]
[SourceDate "2015.09.14"]
[SourceVersion "1"]
[SourceVersionDate "2015.09.14"]
[SourceQuality "1"]

1. e4 b6 2. d4 Bb7 3. Nc3 e6 4. Nf3 Bb4 5. Bd3 h6 6. a3 Bxc3+ 7. bxc3 Nf6 8. Qe2 0-0 9. c4 d6 10. 0-0 c5 11. c3 Nbd7 12. h3 e5 13. d5 Re8 14. Be3 Nf8 15. Nh2 g5 16. Ng4 Nxg4 17. Qxg4 Ng6 18. g3 Qf6 19. Rac1 Bc8 20. Qh5 Kg7 21. h4 Rh8 22. hxg5 hxg5 23. Qxg5 Qf3 0-1

[Event "Sofia MGU op 146th"]
[Site "Sofia"]
[Date "2015.06.28"]
[Round "5"]
[White "Simov, Zahari"]
[Black "Grabcheva, Natalia"]
[Result "0-1"]
[WhiteElo "1694"]
[BlackElo "1622"]
[PlyCount "76"]
[EventDate "2015.06.27"]
[EventType "swiss"]
[EventRounds "6"]
[EventCountry "BUL"]
[SourceTitle "CBM 167 Extra"]
[Source "ChessBase"]
[SourceDate "2015.09.14"]
[SourceVersion "1"]
[SourceVersionDate "2015.09.14"]
[SourceQuality "1"]

1. e4 b6 2. Nc3 Bb7 3. d4 e6 4. Bd3 Bb4 5. a3 Bxc3+ 6. bxc3 h6 7. Nf3 Nf6 8. Qe2 0-0 9. 0-0 d6 10. Bd2 Nbd7 11. a4 c5 12. Rfb1 d5 13. exd5 Bxd5 14. c4 Bxf3 15. Qxf3 cxd4 16. a5 Qc8 17. Qf4 e5 18. Qh4 Re8 19. f3 Qc6 20. Re1 Nc5 21. Qg3 Ncd7 22. Qh4 Nc5 23. axb6 Qxb6 24. Reb1 Qc6 25. Re1 e4 26. fxe4 Nfxe4 27. Bb4 Nf6 28. Rxe8+ Rxe8 29. Bxc5 Qxc5 30. Qf4 a5 31. Qd2 Ra8 32. g3 a4 33. Kg2 Ng4 34. c3 dxc3 35. Qf4 Ne3+ 36. Kf3 Re8 37. Rxa4 Qc6+ 38. Be4 Qxa4 0-1

[Event "Sofia MGU op 146th"]
[Site "Sofia"]
[Date "2015.06.27"]
[Round "1"]
[White "Orev, Petar"]
[Black "Grabcheva, Natalia"]
[Result "1-0"]
[WhiteElo "2101"]
[BlackElo "1622"]
[PlyCount "53"]
[EventDate "2015.06.27"]
[EventType "swiss"]
[EventRounds "6"]
[EventCountry "BUL"]
[SourceTitle "CBM 167 Extra"]
[Source "ChessBase"]
[SourceDate "2015.09.14"]
[SourceVersion "1"]
[SourceVersionDate "2015.09.14"]
[SourceQuality "1"]

1. Nf3 Nf6 2. g3 g6 3. Bg2 Bg7 4. 0-0 0-0 5. c4 d5 6. cxd5 Nxd5 7. Nc3 e6 8. e4 Nxc3 9. bxc3 c5 10. d4 cxd4 11. cxd4 b6 12. Bg5 Qd7 13. Ne5 Bxe5 14. dxe5 Qxd1 15. Rfxd1 h5 16. Rac1 Nd7 17. Be7 Re8 18. Bd6 Ba6 19. Rc7 Nf8 20. f4 Rec8 21. Rdc1 Rxc7 22. Rxc7 Rc8 23. Rxa7 Rc1+ 24. Kf2 Rc2+ 25. Ke3 Rxa2 26. Ra8 Rxg2 27. Rxf8+ 1-0

[Event "Sofia MGU op 135th"]
[Site "Sofia"]
[Date "2015.02.07"]
[Round "3"]
[White "Grabcheva, Natalia"]
[Black "Kosturkov, Krasimir"]
[Result "0-1"]
[WhiteElo "1545"]
[BlackElo "1700"]
[PlyCount "112"]
[EventDate "2015.02.07"]
[EventType "swiss"]
[EventRounds "6"]
[EventCountry "BUL"]
[SourceTitle "CBM 164 Extra"]
[Source "ChessBase"]
[SourceDate "2015.03.02"]
[SourceVersion "1"]
[SourceVersionDate "2015.03.02"]
[SourceQuality "1"]

1. Nf3 Nf6 2. e3 c5 3. b3 e6 4. Bb2 Be7 5. d4 cxd4 6. Bxd4 Nc6 7. Bb2 a6 8. Be2 b5 9. 0-0 0-0 10. Nbd2 Bb7 11. c4 bxc4 12. Nxc4 d5 13. Nce5 Nd7 14. Nxc6 Bxc6 15. Ne5 Nxe5 16. Bxe5 Bb5 17. Bxb5 axb5 18. Qe2 f6 19. Bb2 Qd7 20. a3 Rfc8 21. b4 e5 22. Rac1 Rc4 23. Rc2 Rac8 24. Rfc1 Qc6 25. Rc3 Qb6 26. Qd2 Qb7 27. h3 Rd8 28. Qe2 Qa6 29. Rd3 Rxc1+ 30. Bxc1 Qc6 31. Bb2 Qc4 32. Qd1 e4 33. Rc3 Qa2 34. Qa1 Qxa1+ 35. Bxa1 d4 36. exd4 Rxd4 37. Rc8+ Rd8 38. Rxd8+ Bxd8 39. Bd4 Kf7 40. Kf1 Ke6 41. Ke2 Kd5 42. Ke3 g6 43. g4 f5 44. Bc5 Bg5+ 45. f4 exf3+ 46. Kxf3 Kc4 47. gxf5 gxf5 48. h4 Bd2 49. Ke2 Bc1 50. Kf3 Bxa3 51. Kf4 Bxb4 52. Bb6 Be7 53. Ba5 Bxh4 54. Kxf5 Kd5 55. Kg4 Bf6 56. Kh5 Bg7 0-1

[Event "Sofia MGU op 132nd"]
[Site "Sofia"]
[Date "2015.01.17"]
[Round "2"]
[White "Gelemerov, Yane"]
[Black "Grabcheva, Natalia"]
[Result "1-0"]
[WhiteElo "2066"]
[BlackElo "1555"]
[PlyCount "31"]
[EventDate "2015.01.17"]
[EventType "swiss"]
[EventRounds "6"]
[EventCountry "BUL"]
[SourceTitle "CBM 164 Extra"]
[Source "ChessBase"]
[SourceDate "2015.03.02"]
[SourceVersion "1"]
[SourceVersionDate "2015.03.02"]
[SourceQuality "1"]

1. e4 b6 2. d4 Bb7 3. Bd3 e6 4. f4 Nf6 5. Qe2 d6 6. Nf3 c5 7. 0-0 Be7 8. c4 0-0 9. d5 exd5 10. exd5 Re8 11. Nc3 Bf8 12. Qf2 Na6 13. Qh4 h6 14. g4 Nd7 15. g5 g6 16. f5 1-0

[Event "Sofia MGU op 132nd"]
[Site "Sofia"]
[Date "2015.01.17"]
[Round "3"]
[White "Grabcheva, Natalia"]
[Black "Georgiev, Nikolay"]
[Result "1/2-1/2"]
[WhiteElo "1555"]
[BlackElo "1639"]
[PlyCount "45"]
[EventDate "2015.01.17"]
[EventType "swiss"]
[EventRounds "6"]
[EventCountry "BUL"]
[SourceTitle "CBM 164 Extra"]
[Source "ChessBase"]
[SourceDate "2015.03.02"]
[SourceVersion "1"]
[SourceVersionDate "2015.03.02"]
[SourceQuality "1"]

1. b3 d5 2. Nf3 Bf5 3. e3 h6 4. Bb2 e6 5. c4 c6 6. d4 Nf6 7. Be2 Bd6 8. 0-0 Nbd7 9. Ne5 0-0 10. Nd2 Bc7 11. Nxd7 Nxd7 12. Nf3 Qe7 13. h3 a6 14. Bd3 Bxd3 15. Qxd3 Bd6 16. c5 Bc7 17. a4 a5 18. Ba3 Qf6 19. b4 Rfb8 20. b5 e5 21. b6 Bd8 22. Qe2 e4 23. Nd2 1/2-1/2

[Event "Sofia MGU op 132nd"]
[Site "Sofia"]
[Date "2015.01.17"]
[Round "1"]
[White "Grabcheva, Natalia"]
[Black "Kostov, Nikolai"]
[Result "1/2-1/2"]
[WhiteElo "1555"]
[BlackElo "1886"]
[PlyCount "36"]
[EventDate "2015.01.17"]
[EventType "swiss"]
[EventRounds "6"]
[EventCountry "BUL"]
[SourceTitle "CBM 164 Extra"]
[Source "ChessBase"]
[SourceDate "2015.03.02"]
[SourceVersion "1"]
[SourceVersionDate "2015.03.02"]
[SourceQuality "1"]

1. Nf3 Nf6 2. e3 d5 3. b3 e6 4. Bb2 Be7 5. Be2 c5 6. 0-0 0-0 7. d4 Nc6 8. c4 dxc4 9. Bxc4 a6 10. Nbd2 cxd4 11. Nxd4 Nxd4 12. Bxd4 b5 13. Be2 Bb7 14. Bf3 Bxf3 15. Nxf3 Qd5 16. Bb2 Qh5 17. Ne5 Qxd1 18. Rfxd1 Rfd8 1/2-1/2